Pequeña biografía de mi mujer /

Gespeichert in:
Bibliographische Detailangaben
1. Verfasser: Urtecho, José Coronel, 1906-1994
Format: Unbekannt
Sprache:Spanish
Veröffentlicht: Nicaragua: Imprenta Nacional, 1963
Schlagworte:
Tags: Tag hinzufügen
Keine Tags, Fügen Sie den ersten Tag hinzu!

MARC

LEADER 000000000a22000000004500
001 000342
008 140611s1963 nq |||f |||| 000 p spa d
041 0 |a español 
082 |a N861.4   |b C822p 
100 1 |a Urtecho, José Coronel, 1906-1994 
245 1 0 |a Pequeña biografía de mi mujer /  |c José Coronel Urtrecho 
260 |a Nicaragua:   |b Imprenta Nacional,   |c 1963 
300 |a 10 páginas 
500 |a Número de inscripción 05018 -- Separata de "Cuadernos Hispanoamericanos" Octubre de 1963 no. 166 
650 4 |a LITERATURA NICARAGUENSE  |v POESIA 
942 |2 ddc  |c BK 
999 |c 1149  |d 1149